Informe de Avance (Record no. 8445)

MARC details
000 -LEADER
campo de control de longitud fija 00391nam a2200133Ia 4500
001 - NÚMERO DE CONTROL
campo de control 2986
008 - DATOS DE LONGITUD FIJA--INFORMACIÓN GENERAL
campo de control de longitud fija 241024s9999 xx 000 0 und d
082 ## - NÚMERO DE LA CLASIFICACIÓN DECIMAL DEWEY
Número de clasificación RD/374/R426j/2013
100 ## - ENTRADA PRINCIPAL--NOMBRE DE PERSONA
Nombre de persona República Dominicana, Junta Nacional de Alfabetización, Equipo Técnico Nacional
245 #0 - MENCIÓN DEL TÍTULO
Título Informe de Avance
260 ## - PUBLICACIÓN, DISTRIBUCIÓN, ETC.
Nombre del editor, distribuidor, etc. Santo Domingo, 2013
Fecha de publicación, distribución, etc. 2013
901 ## - ELEMENTOS DE DATOS A LOCAL LDA (RLIN)
a 9/7/2013 2:30:52 p.m.

No items available.

© 2024. Todos los Derechos Reservados. Desarrollado por IDEICE